Cities of Clark County, Nevada - Statistics

General Stats
  • This quiz has been taken 134 times
  • The average score is 12 of 24
Answers on the Map
Answers color-coded by a green-red scale on the quiz's map according to % correct below.
 
Answer Stats
Answer % Correct
City of Las Vegas
100%
City of North Las Vegas
91%
Census Designated Place of Paradise
89%
City of Henderson
89%
City of Boulder City
71%
City of Mesquite
57%
Census Designated Place of Enterprise
55%
Census Designated Place of Spring Valley
54%
Census Designated Place of Sunrise Manor
54%
Census Designated Place of Summerlin South
49%
Census Designated Place of Laughlin
48%
Census Designated Place of Searchlight
42%
Census Designated Place of Cal-Nev-Ari
38%
Census Designated Place of Winchester
38%
Census Designated Place of Whitney
35%
Census Designated Place of Moapa
32%
Census Designated Place of Moapa Valley
32%
Census Designated Place of Indian Springs
31%
Census Designated Place of Sandy Valley
31%
Census Designated Place of Goodsprings
29%
Census Designated Place of Blue Diamond
26%
Census Designated Place of Bunkerville
26%
Census Designated Place of Mount Charleston
26%
Census Designated Place of Nelson
25%
No matching quizzes found
Score Distribution
Percent of People with Each Score
Percentile by Number Answered
Your Score History
You have not taken this quiz